000 00734nam a22002057a 4500
005 20100727154021.0
010 _aENG-96908
020 _a9780198060024
_c795.00
020 _a0198060025
_c795.00
035 _aEN-80441
037 _bDBAD/PUB
082 _a260
245 _aSikhism and women :
_bhistory, texts and experience /
_cedited by Doris R. Jakobsh
260 _aNew Delhi
_bOxford University Press
_c2010
270 _aYMCA Library Building, Jai Singh Road,
_bNew Delhi
_e110001
300 _avi, 383p.
_c23cm, (Hb)
700 _aJakobsh, Doris R.
_91901
942 _2ddc
_cEN
_h260
_mSIK
999 _c37969
_d37969